00773nam a2200193 i 450000100060000000300090000600500170001500700030003200800410003510000370007624501270011325000240024026000730026430000470033770000250038485200320040999900170044195201210045865142ES-MaACL20230906165315.0t|040109s1957 sp ||||1| spa d1 aFrancé, Raoul Heinrich.95213613aLa maravillosa vida de los animales b: una zoología para todos /cR.H. Francé ; versión española por Julio Gadez. a2ª ed., 1ª reimp. aBarcelona : bLabor, c[1957] (fTalls. Gráfs. Ibero-Américanos) aVIII, 402 p., 32 lám. : bil. ; c22 cm.1 aGadez, Julio.953195 aES-MaACLjC-12250 bR.40192 c65142d65142 00104070aATENEOMbATENEOMcSPALd2008-01-17eSCl0oC-12250p1068252r2023-02-23 00:00:00w2023-02-23yMONOGRAFIA